01751naa a22002411i 45000010005000000030009000050050017000140080041000310400021000720800011000931000158001042450188002625000021004505200287004716550030007586500016007886500016008047000158008207000152009787000159011307110102012897730118013915433KOSZ 00520190610114406.0141107s1978 pl f |100 0 pol d cBPKdKOSZ 005/ac a621.921 aROGOWSKI, Czesław Maciej.d1974 - 1982.bWyższa Szkoła Inżynierska w Koszalinie - Instytut Techniki Wytwarzania,cZakład Technologii Budowy Maszyn10aNiektóre aspekty szlifowania wzdłużnego wałków dwiema ściernicami pracującymi czołem /cCzesław Maciej Rogowski, Marek Bohuszewicz, Andrzej Pomirski, Stanisław Walasik. aDane z autopsji. aW artykule omówiono przeprowadzone badania procesu szlifowania wzdłużnego wałków dwiema ściernicami rozmieszczonymi po obu stronach obrabianego wałka. Obie ściernice szlifowały czołem, a na obrzeżu jednej z nich wykonano nakrój o niewielkim kącie przystawienia. 0aMateriały konferencyjne. 0aSzlifowanie 0aŚciernica1 aPOMIRSKI, Andrzej.d1972 - 1985.bWyższa Szkoła Inżynierska w Koszalinie - Instytut Techniki Wytwarzania,cZakład Obrabiarek i Obróbki Skrawaniem1 aBOHUSZEWICZ, Marek.d1977 - 1996.bWyższa Szkoła Inżynierska w Koszalinie - Instytut Techniki Wytwarzania,cZakład Podstaw Konstrukcji Maszyn1 aWALASIK, Stanisław.d1973 - 1996.bWyższa Szkoła Inżynierska w Koszalinie - Instytut Techniki Wytwarzania,cZakład Maszyn i Urządzeń Rolniczych22aKonferencja Naukowo-Techniczna "Postępy w technice wytwarzania"d(1978 ;cKołobrzeg, Polska).0 iW :tPostępy w technice wytwarzania. Cz. 1, Narzędzia i technologia obróbki ściernej. -g1978, s. 217-222